| 000 | 00582nam a2200193 i 4500 | ||
|---|---|---|---|
| 001 | 42172 | ||
| 003 | ES-MaACL | ||
| 005 | 20250814063212.0 | ||
| 007 | t| | ||
| 008 | 030312s1975 sp ||||1| spa d | ||
| 100 | 1 |
_aCastilla del Pino, Carlos, _d1922-2009 _936651 |
|
| 245 | 1 | 3 |
_aEl humanismo "imposible", seguido del Naturaleza del saber / _cCarlos Castilla del Pino. |
| 260 |
_a[Madrid] : _bTaurus, _c[1975] |
||
| 300 |
_a176 p. ; _c21 cm. |
||
| 490 | 1 | _aEnsayistas | |
| 830 | 0 |
_aEnsayistas _9177257 |
|
| 852 |
_aES-MaACL _jE-8360 _bR.92341 |
||
| 999 |
_c42172 _d42172 |
||